[Event "zt 3.2a"]
[Site "Ho Chi Minh City VIE"]
[Date "2003.06.23"]
[Round "4"]
[White "Torre,E"]
[Black "Sitanggang,S"]
[Result "1/2-1/2"]
[WhiteElo "2520"]
[BlackElo "2397"]

1.d4 d5 2.Nf3 Nf6 3.c4 c6 4.Nc3 dxc4 5.a4 Bf5 6.e3 e6 7.Bxc4 Nbd7 8.O-O Bb4
9.Qe2 Bg6 10.e4 O-O 11.Bd3 Re8 12.Bf4 a6 13.Rfd1 Bf8 14.h3 Rc8 15.g4 Qb6
16.a5 Qa7 17.e5 Nd5 18.Nxd5 cxd5 19.h4 Qb8 20.h5 Bxd3 21.Qxd3 Be7 22.Rdc1 Rxc1+
23.Rxc1 Rc8 24.Rc3 Bd8 25.b4 Rxc3 26.Qxc3 Qc7 27.Qb3 Qc6 28.Kg2 Bc7 29.h6 g6
30.Bd2  1/2-1/2

[Event "zt 3.2a"]
[Site "Ho Chi Minh City VIE"]
[Date "2003.06.25"]
[Round "6"]
[White "Nguyen Anh Dung"]
[Black "Chan Peng Kong"]
[Result "1-0"]
[WhiteElo "2530"]
[BlackElo "2349"]

1.d4 d5 2.c4 c6 3.Nc3 Nf6 4.Nf3 dxc4 5.a4 Bf5 6.Ne5 Nbd7 7.Nxc4 Nb6 8.Ne5 a5
9.f3 Nfd7 10.Nxd7 Qxd7 11.e4 Bg6 12.Be3 e6 13.d5 Nc8 14.dxe6 Qxd1+ 15.Rxd1 fxe6
16.Bc4 Bf7 17.Nb5 Bb4+ 18.Ke2 O-O 19.Nc7 Nd6 20.Bb3 Rac8 21.Nxe6 Rfe8 22.Nd4 Nc4
23.Bc1 Rcd8 24.Nc2 Bc5 25.Ne3 Bxe3 26.Bxe3 b5 27.Rxd8 Rxd8 28.Bc1 Rb8 29.axb5 cxb5
30.Rd1 a4 31.Bc2 Be6 32.Rd4 Rc8 33.Kd1 Na5 34.Bd2 Nc4 35.Bc1 Na5 36.Rd6 Kf7
37.h3 Nc4 38.Rd3 Ne5 39.Rd6 Nc4 40.Rd4 Na5 41.Rd3 h6 42.f4 Nb3 43.Be3 Na1
44.Bb1 b4 45.Bd2 Bb3+ 46.Ke2 a3 47.bxa3 bxa3 48.Rd7+ Kg8 49.Ra7 Nc2 50.Kf2 Rc4
51.e5 Rd4 52.Be3 Nxe3 53.Kxe3 Rd1 54.Bg6 Bd5 55.Rxa3 Bxg2 56.h4 Kf8 57.Ra7 Bd5
58.f5 Re1+ 59.Kd4 Rd1+ 60.Kc5 Be4 61.e6 Rd5+ 62.Kc4 Re5 63.Kd4 Rxe6 64.Rf7+  1-0

[Event "zt 3.2a"]
[Site "Ho Chi Minh City VIE"]
[Date "2003.06.25"]
[Round "6"]
[White "Pham Minh Hoang"]
[Black "Megaranto,S"]
[Result "1/2-1/2"]
[WhiteElo "2445"]
[BlackElo "2436"]

1.d4 d5 2.c4 c6 3.Nf3 Nf6 4.Nc3 dxc4 5.a4 Bf5 6.Ne5 Nbd7 7.Nxc4 e6 8.g3 Bb4
9.Bg2 O-O 10.O-O a5 11.e4 Bg6 12.Qe2 Nb6 13.Nxb6 Qxb6 14.Rd1 Rfd8 15.e5 Nd5
16.Ne4 h6 17.h4 c5 18.dxc5 Bxc5 19.Nxc5 Qxc5 20.Qb5 Qc2 21.Rd2 Qc7 22.f4 Rac8
23.Kh2 Nb4 24.Rxd8+ Qxd8 25.Be3 Rc2 26.Rc1 Rxb2 27.Qxb7 Qd3 28.f5 Bxf5 29.Rc8+ Kh7
30.Qxf7 Rxg2+ 31.Kxg2 Qxe3 32.Qg8+ Kg6 33.Qe8+ Kh7 34.Qg8+ Kg6 35.Qe8+  1/2-1/2

[Event "I Carvalho Mem Masters"]
[Site "Maia POR"]
[Date "2003.06.28"]
[Round "7"]
[White "Fernandes,An"]
[Black "Santos,CP"]
[Result "0-1"]
[WhiteElo "2478"]
[BlackElo "2414"]

1.d4 d5 2.c4 c6 3.Nc3 Nf6 4.Nf3 dxc4 5.a4 Bf5 6.Ne5 e6 7.f3 Bb4 8.e4 Bxe4
9.fxe4 Nxe4 10.Bd2 Qxd4 11.Nxe4 Qxe4+ 12.Qe2 Bxd2+ 13.Kxd2 Qd5+ 14.Ke1 Na6
15.Rd1 Qa5+ 16.Kf2 O-O 17.Qe3 Qxa4 18.Bxc4 Nb4 19.Rd7 Nd5 20.Bxd5 cxd5 21.Rc1 Rac8
22.Rdc7 Rxc7 23.Rxc7 Qb4 24.Qc3 Qb6+ 25.Kf1 d4 26.Qc5 Qxc5 27.Rxc5 f6 28.Nd7 Rd8
29.Rc7 e5 30.Ke1 h5 31.Rxb7 Kh7 32.Nxf6+ Kg6 33.Ne4 h4 34.Kd2 a6 35.Kd3 h3
36.g4 Rf8 37.Rb6+ Kh7 38.Ng5+ Kg8 39.Rxa6 Rb8 40.Ke4 Kf8 41.Kxe5 Rxb2 42.Ne6+ Kg8
43.Ra8+ Kh7 44.Nf8+  0-1

[Event "IM"]
[Site "Elancourt FRA"]
[Date "2003.06.29"]
[Round "9"]
[White "Legky,N"]
[Black "Velikov,P"]
[Result "1/2-1/2"]
[WhiteElo "2497"]
[BlackElo "2435"]

1.d4 d5 2.c4 c6 3.Nf3 Nf6 4.Nc3 dxc4 5.a4 Bf5 6.Nh4 Bc8 7.Nf3 Bf5 8.e3 e6
9.Bxc4 Bb4 10.O-O O-O 11.Qe2 Nbd7 12.Rd1  1/2-1/2

[Event "2nd Open"]
[Site "La Fere FRA"]
[Date "2003.06.30"]
[Round "3"]
[White "Gosset,A"]
[Black "Deneufeglise,P"]
[Result "1-0"]
[WhiteElo "2126"]
[BlackElo "1908"]

1.Nf3 d5 2.d4 Nf6 3.c4 c6 4.Nc3 dxc4 5.a4 Bf5 6.Ne5 e6 7.f3 Bb4 8.Nxc4 Nd5
9.Qd2 Bg6 10.e4 Nb6 11.Qf2 N8d7 12.Be3 O-O 13.Be2 Rc8 14.O-O Nxc4 15.Bxc4 Nb6
16.Bb3 Qe7 17.Rac1 Rfe8 18.Rfd1 h6 19.Ne2 Bh7 20.Nf4 Nd7 21.Qg3 Kh8 22.d5 e5
23.Nd3 Bd6 24.dxc6 bxc6 25.Qe1 c5 26.Bc4 Nb8 27.Qf2 Red8 28.Nxc5 Bxc5 29.Rxd8+ Rxd8
30.Bxc5 Qd7 31.Bb5 Qc7 32.Be3 Qa5 33.Qc2 a6 34.Be2 Re8 35.b3 f6 36.Qc3 Qxc3
37.Rxc3 Bg8 38.b4 Rd8 39.Rc7 Bb3 40.a5 Kh7 41.Kf2 Rd6 42.Bc5 Rd2 43.Ke3 Rc2
44.Bb6 Nc6 45.Bxa6 Rc3+ 46.Kf2 Rc2+ 47.Kg3 Nxb4 48.Rxc2 Bxc2 49.Bb5  1-0

[Event "Andorra"]
[Site "Andorra la Vella AND"]
[Date "2003.07.06"]
[Round "2"]
[White "Pogorelov,R"]
[Black "Ris,R"]
[Result "1-0"]
[WhiteElo "2449"]
[BlackElo "2205"]

1.Nf3 d5 2.d4 Nf6 3.c4 c6 4.Nc3 dxc4 5.a4 Bf5 6.Ne5 Nbd7 7.Nxc4 Qc7 8.g3 e5
9.dxe5 Nxe5 10.Bf4 Nfd7 11.Bg2 g5 12.Nxe5 gxf4 13.Nxd7 O-O-O 14.Qd4 Qxd7
15.Qxf4 Bd6 16.Qh6 Qe6 17.Qxe6+ Bxe6 18.O-O a5 19.Be4 h5 20.h4 f5 21.Bf3 Be5
22.Rfd1 Rxd1+ 23.Rxd1 Kc7 24.e3 Bxc3 25.bxc3 b5 26.axb5 cxb5 27.Ra1 Kb6 28.Kf1 Bc4+
29.Ke1 b4 30.cxb4 axb4 31.Ra8 Rxa8 32.Bxa8 Ka5 33.Kd2 Ka4 34.e4 fxe4 35.Bxe4 Bf7
36.f3 Kb5 37.g4 Kc5 38.g5 Kd4 39.Bh7 Ke5 40.Ke3 Ba2 41.f4+ Kd6 42.Kd4 Bb3
43.Bd3 Bg8 44.Bg6  1-0

[Event "FSGM July"]
[Site "Budapest HUN"]
[Date "2003.07.06"]
[Round "2"]
[White "Gerzhoy,L"]
[Black "Gunnarsson,J"]
[Result "1/2-1/2"]
[WhiteElo "2410"]
[BlackElo "2411"]

1.Nf3 d5 2.d4 c6 3.c4 Nf6 4.Nc3 dxc4 5.a4 Bf5 6.e3 e6 7.Bxc4 Bb4 8.O-O O-O
9.Qe2 Ne4 10.Nxe4 Bxe4 11.Bd3 Bxd3 12.Qxd3 c5 13.Bd2  1/2-1/2

[Event "Andorra"]
[Site "Andorra la Vella AND"]
[Date "2003.07.07"]
[Round "3"]
[White "Oms Pallise,J"]
[Black "Holmsgaard,H"]
[Result "1-0"]
[WhiteElo "2476"]
[BlackElo "2277"]

1.d4 d5 2.c4 c6 3.Nf3 Nf6 4.Nc3 dxc4 5.a4 Bf5 6.Ne5 Nbd7 7.Nxc4 Nb6 8.Ne5 a5
9.f3 g6 10.e4 Be6 11.Be3 Bg7 12.Be2 O-O 13.O-O Nbd7 14.Nxd7 Qxd7 15.Qc2 Rfd8
16.Rad1 Qc7 17.Bf2 Nh5 18.g3 f5 19.e5 Bf8 20.f4 Ng7 21.Bf3 Rd7 22.Rd2 Bf7
23.Rc1 Qd8 24.h3 Ne8 25.g4 e6 26.Kh2 Nc7 27.Rg1 Kh8 28.h4 Bb4 29.Rdd1 Qe7
30.h5 Rg8 31.Kh3 Qf8 32.Bh4 Be7 33.Qf2 Be8 34.gxf5 exf5 35.d5 Bxh4 36.Qxh4 cxd5
37.Nxd5 g5 38.Rxg5 Rxg5 39.Qxg5 Ne6 40.Qh4 Qh6 41.Kh2 Rg7 42.Qf6 Qxf6 43.Nxf6 Bc6
44.Bxc6 bxc6 45.Rd6 Re7 46.h6  1-0

[Event "Open A"]
[Site "Poznan POL"]
[Date "2003.07.12"]
[Round "8"]
[White "Schmidt,Wl"]
[Black "Stempin,P"]
[Result "1/2-1/2"]
[WhiteElo "2406"]
[BlackElo "2401"]

1.d4 d5 2.c4 c6 3.Nf3 Nf6 4.Nc3 dxc4 5.a4 Bf5 6.Ne5 Nbd7 7.Nxc4 Nb6 8.Ne5 a5
9.f3 Nfd7 10.e4 Nxe5 11.dxe5 Qxd1+ 12.Kxd1 Be6 13.Kc2 f6 14.Rb1 fxe5 15.b4 Nc4
16.Bxc4 Bxc4 17.bxa5 O-O-O 18.Rd1 Rxd1 19.Nxd1 e6 20.Ne3 Ba6 21.Bb2 Bd6 22.Ng4 Bc7
23.Bxe5 h5 24.Bxc7 hxg4 25.Bd6 gxf3 26.gxf3 Rd8 27.e5 Rh8 28.Rg1 Rxh2+ 29.Kc3 Rh4
30.Kb3 Be2 31.Rxg7 Bd1+ 32.Kc3 Rxa4 33.f4 Rxf4 34.Rc7+ Kd8 35.Rxb7 Ra4 36.Ra7 Be2
37.Bc7+ Ke8 38.Bb6 Bb5 39.Kb3 Re4 40.Bc7 Ra4 41.Bd6 Kd8 42.Bb4 Kc8 43.Re7 c5
44.Bxc5 Rc4 45.Bd6 Rc6 46.Kb4 Bc4 47.Kc3 Bd5+ 48.Kb4 Bc4 49.a6 Bxa6 50.Rxe6 Bc4
51.Re8+ Kd7 52.Re7+ Kd8 53.Kc3 Ba2+ 54.Kd4 Rc4+ 55.Kd3 Ra4 56.Kc3 Re4 57.Ra7  1/2-1/2

[Event "Open"]
[Site "Mariupol UKR"]
[Date "2003.07.16"]
[Round "6"]
[White "Serik,M"]
[Black "Fingerov,D"]
[Result "1/2-1/2"]
[WhiteElo "2173"]
[BlackElo "2364"]

1.d4 Nf6 2.c4 c6 3.Nc3 d5 4.Nf3 dxc4 5.a4 Bf5 6.e3 e6 7.Bxc4 Bb4 8.O-O O-O
9.Ne5 Nbd7 10.Nxd7 Nxd7 11.Qb3 Qb6 12.e4 Bg6 13.Be3 Bxc3 14.Qxc3 Bxe4 15.d5 Qc7
16.dxe6 fxe6 17.Bxe6+ Kh8 18.f3 Bf5  1/2-1/2

[Event "103rd ch-SUI"]
[Site "Silvaplana SUI"]
[Date "2003.07.16"]
[Round "7"]
[White "Raetsky,A"]
[Black "Landenbergue,C"]
[Result "1/2-1/2"]
[WhiteElo "2438"]
[BlackElo "2445"]

1.d4 d5 2.c4 c6 3.Nf3 Nf6 4.Nc3 dxc4 5.a4 Bf5 6.Nh4 Bc8 7.Nf3 Bf5 8.e3 e6
9.Bxc4 Bb4 10.O-O O-O 11.Qe2 Nbd7 12.e4 Bg6 13.e5 Nd5 14.Ne4 Be7 15.Rd1 a5
16.h3 Nb4 17.Bd2  1/2-1/2

[Event "103rd ch-SUI"]
[Site "Silvaplana SUI"]
[Date "2003.07.17"]
[Round "8"]
[White "Klauser,M"]
[Black "Wyss,T"]
[Result "1-0"]
[WhiteElo "2353"]
[BlackElo "2265"]

1.d4 d5 2.Nf3 Nf6 3.c4 c6 4.Nc3 dxc4 5.a4 Bf5 6.e3 e6 7.Bxc4 Bb4 8.O-O O-O
9.Nh4 Bg4 10.f3 Bh5 11.g4 Nd5 12.Ng2 Bg6 13.Na2 Bd6 14.e4 Nb6 15.Bb3 c5 16.a5 N6d7
17.d5 e5 18.Nc3 Bc7 19.a6 Nxa6 20.d6 Bb6 21.Bd5 Nb4 22.Bxb7 Rb8 23.Bd5 c4+
24.Kh1 Nxd5 25.Nxd5 Bd4 26.Ne7+ Kh8 27.Nc6 Qb6 28.Nxb8 Rxb8 29.Qa4 Qxd6 30.Qxc4 h5
31.g5 f5 32.gxf6 Qxf6 33.Be3 Rxb2 34.Bxd4 exd4 35.Qc8+ Nf8 36.Ra6 Qf7 37.Rxg6  1-0

[Event "3rd Savaria Summer Open"]
[Site "Szombathely HUN"]
[Date "2003.07.21"]
[Round "3"]
[White "Kovacs,Ga2"]
[Black "Macsik,T"]
[Result "1-0"]
[WhiteElo "2393"]
[BlackElo "2299"]

1.d4 d5 2.c4 c6 3.Nf3 Nf6 4.Nc3 dxc4 5.a4 Bf5 6.Ne5 Nbd7 7.Nxc4 Qc7 8.g3 e5
9.dxe5 Nxe5 10.Bf4 Nfd7 11.Bg2 f6 12.O-O Nc5 13.Ne3 Bg6 14.b4 Ne6 15.b5 Rd8
16.Qb3 Nc5 17.Qb2 Bd6 18.bxc6 bxc6 19.Bxe5 fxe5 20.Nc4 O-O 21.Nxd6 Qxd6 22.Rad1 Qf6
23.Rxd8 Rxd8 24.Qb4 Ne6 25.Qc4 Be8 26.Bh3 Bf7 27.Qa6 Nd4 28.Bg2 Bh5 29.Qxa7 Nxe2+
30.Nxe2 Bxe2 31.Re1 Bf3 32.Bxf3 Qxf3 33.Qc5 Rd1 34.Qxe5 h6 35.a5 Rxe1+ 36.Qxe1 Qa3
37.Qe5 Kh7 38.Qf5+ Kh8 39.Qc8+ Kh7 40.a6 Qc1+ 41.Kg2 Qc5 42.Qe6 Qb6 43.Qa2 Qa7
44.Qc2+ Kh8 45.Qxc6  1-0

[Event "KB Czech Open"]
[Site "Pardubice CZE"]
[Date "2003.07.22"]
[Round "5"]
[White "Cedikova,K"]
[Black "Meduna,E"]
[Result "0-1"]
[WhiteElo "2168"]
[BlackElo "2447"]

1.d4 d5 2.c4 dxc4 3.Nf3 Nf6 4.Nc3 c6 5.a4 Bf5 6.e3 e6 7.Bxc4 Nbd7 8.O-O Bb4
9.Qe2 Bg6 10.e4 Bxc3 11.bxc3 Nxe4 12.Ba3 Qa5 13.Bb4 Qc7 14.a5 a6 15.h4 c5
16.dxc5 Ndxc5 17.Nd4 h5 18.Qe3 O-O 19.f3 Nd6 20.Qe5 Rac8 21.Nxe6 fxe6 22.Bxe6+ Nf7
23.Qd5 Rfd8 24.Qg5 Nxe6 25.Qxg6 Nf4 26.Qf5 Ne2+  0-1

[Event "Summer"]
[Site "Tel Aviv ISR"]
[Date "2003.07.22"]
[Round "3"]
[White "Kaganskiy,G"]
[Black "Kaplan,S"]
[Result "1/2-1/2"]
[WhiteElo "2393"]
[BlackElo "2208"]

1.Nf3 d5 2.d4 c6 3.c4 Nf6 4.Nc3 dxc4 5.a4 Bf5 6.Nh4 e6 7.Nxf5 exf5 8.e3 Bd6
9.Bxc4 Qe7 10.Qf3 g6 11.O-O O-O 12.Re1 Nbd7 13.e4 Nxe4 14.Nxe4 fxe4 15.Rxe4 Qf6
16.Qe2 Nb6 17.Bh6 Rfd8 18.Bb3 Nd5 19.Re1 Bf8 20.Bxd5 cxd5 21.Rf4 Qc6 22.Bxf8 Rxf8
23.Qf3 Rae8 24.Rf1 Re4 25.Rxe4 dxe4 26.Qb3 Rd8 27.Rd1 Qd5 28.Qxd5 Rxd5 29.Kf1 f5
30.Ke2 Kf7 31.Ke3 Ke6 32.Rc1 Rd7 33.h3 b6 34.g4 Kd5 35.gxf5 gxf5 36.Rc8 f4+
37.Kxf4 Rf7+ 38.Kg3 Kxd4 39.Rd8+ Ke5 40.Re8+ Kd4 41.Rd8+ Kc4 42.Re8 Kd3 43.b3 Rg7+
44.Kf4 Rf7+ 45.Kg3 Rg7+ 46.Kf4 Rf7+ 47.Kg3  1/2-1/2

[Event "26th Asian Juniors"]
[Site "Negombo SRI"]
[Date "2003.07.23"]
[Round "7"]
[White "Khamzin,O"]
[Black "Palawatta,I"]
[Result "1-0"]
[WhiteElo "2298"]
[BlackElo "1911"]

1.Nf3 d5 2.d4 Nf6 3.c4 c6 4.Nc3 dxc4 5.a4 Bf5 6.e3 e6 7.Bxc4 Bb4 8.O-O O-O
9.Nh4 Bg6 10.Nxg6 hxg6 11.Qe2 Qa5 12.Bd2 Nbd7 13.Rfd1 Nb6 14.Bb3 Rfd8 15.Rac1 Qh5
16.f3 Nfd5 17.e4 Nxc3 18.bxc3 Bf8 19.Bf4 Bd6 20.e5 Bc7 21.g4 Qh4 22.Qd2 Qe7
23.Bg5 f6 24.exf6 gxf6 25.Bh4 g5 26.Bg3 Bxg3 27.hxg3 c5 28.Qe2 c4 29.Bxc4 Nxc4
30.Qxc4 Qd6 31.Kg2 Qd5 32.Qd3 Kg7 33.Qe2 b6 34.c4 Qd6 35.Qe4 Rac8 36.Rh1 Rh8
37.Rce1 Rce8 38.f4 Rc8 39.fxg5 fxg5 40.Ref1 a6 41.Rxh8 Rxh8 42.Qb7+ Kg6 43.Qf7+ Kh6
44.Rh1+  1-0

[Event "ch-SCCF"]
[Site "Costa Mesa USA"]
[Date "2003.07.26"]
[Round "7"]
[White "Casella,M"]
[Black "Altounian,L"]
[Result "0-1"]
[WhiteElo "2338"]
[BlackElo "2427"]

1.d4 d5 2.c4 c6 3.Nf3 Nf6 4.Nc3 dxc4 5.a4 Bf5 6.Nh4 Bc8 7.e4 e5 8.Nf3 exd4
9.Qxd4 Qxd4 10.Nxd4 Bc5 11.Nf3 Ng4 12.Bxc4 Nd7 13.O-O Nde5 14.Nxe5 Nxe5 15.Be2 Be6
16.Bf4 f6 17.a5 Kf7 18.Rfc1 Bd4 19.Ra4 Rhd8 20.Rb4 b6 21.axb6 axb6 22.Ra4 Rxa4
23.Nxa4 Bb3 24.Nc3 b5 25.Nd1 g5 26.Bg3 Ke7 27.Kf1 Bxd1 28.Rxd1 Bxb2 29.Rxd8 Kxd8
30.Bxe5 Bxe5 31.h4 gxh4 32.Bh5 c5 33.Ke2 Kd7 34.Kd3 Kd6 35.Bf7 c4+ 36.Ke3 Kc5
37.f4 Bd6 38.Bg8 h6  0-1

[Event "Candidates"]
[Site "Aarhus DEN"]
[Date "2003.07.27"]
[Round "1"]
[White "Matthiesen,M"]
[Black "Baekgaard,M"]
[Result "1-0"]
[WhiteElo "2260"]
[BlackElo "2217"]

1.d4 d5 2.c4 c6 3.Nf3 Nf6 4.Nc3 dxc4 5.a4 Bf5 6.Nh4 Bc8 7.e3 e6 8.Bxc4 Bb4
9.O-O O-O 10.Nf3 c5 11.Na2 b6 12.Nxb4 cxb4 13.Ne5 Bb7 14.f3 Nbd7 15.Nd3 a5
16.e4 Qe7 17.Bg5 h6 18.Bh4 e5 19.Qb3 Rac8 20.Rfe1 Qd6 21.Bf2 Nh5 22.Nxe5 Nxe5
23.dxe5 Qxe5 24.Bxb6 Rc6 25.Be3 Rg6 26.Rad1 Nf4 27.Bxf7+ Rxf7 28.Rd8+ Kh7
29.Qxf7 Rxg2+ 30.Kh1 Rxh2+ 31.Kxh2 Nd3+ 32.Bf4 Qxb2+ 33.Kg3 Qf2+ 34.Kg4 Qg2+
35.Kh4 Nxf4 36.Qg8+ Kg6 37.Rd6+  1-0

[Event "MTO"]
[Site "Biel SUI"]
[Date "2003.07.29"]
[Round "8"]
[White "Shchekachev,A"]
[Black "Tukmakov,V"]
[Result "1/2-1/2"]
[WhiteElo "2550"]
[BlackElo "2573"]

1.Nf3 d5 2.d4 Nf6 3.c4 c6 4.Nc3 dxc4 5.a4 Bf5 6.Ne5 Nbd7 7.Nxc4 Qc7 8.g3 e5
9.dxe5 Nxe5 10.Bf4 Nfd7 11.Qc1 Be6 12.Nxe5 Nxe5 13.Bg2 Qa5 14.O-O f6 15.Bxe5 Qxe5
16.a5 a6 17.Ra4 Kf7 18.Qc2 Rd8 19.Re4 Qc7 20.Ra1 Bd6 21.e3 Be5 22.Ne2 Bf5
23.Qb3+ Ke7 24.Rb4 Rd3 25.Qc4 Rd2 26.Nd4 Bxd4 27.exd4 Qd7 28.Qb3 Rd3 29.Qc4 Kd8
30.Bf1 Rf3 31.Be2 Be6 32.Qc5 Rf5 33.Qb6+ Qc7 34.Qxb7 Bc8 35.Qxc7+ Kxc7 36.Rb6 Rxa5
37.Rxc6+ Kxc6 38.Rxa5 Re8 39.Bd3 Re1+ 40.Kg2 Kb6 41.Ra3 Bb7+ 42.f3 Rd1 43.Rb3+ Kc7
44.Kf2 Rd2+ 45.Ke3 Rxh2 46.Be4 Bc8 47.d5 h5 48.Kd4 f5 49.Bd3 f4 50.gxf4 Rh1
51.Ke5 Re1+ 52.Be4 h4 53.Rc3+ Kd8 54.Rc2 h3 55.Rh2 g6 56.Kf6 Rg1 57.f5 gxf5
58.Bxf5 Rg3 59.Bxc8 Kxc8 60.f4 Kd7 61.Ke5 Re3+ 62.Kd4 Rg3 63.Ke4 Kd6 64.Rc2 Rg2
65.Rc6+ Kd7 66.Rxa6 h2 67.Rh6 Rxb2  1/2-1/2

[Event "ch-AUT"]
[Site "Hartberg AUT"]
[Date "2003.07.31"]
[Round "5"]
[White "Sommerbauer,N"]
[Black "Schweda,R"]
[Result "1/2-1/2"]
[WhiteElo "2413"]
[BlackElo "2381"]

1.d4 c6 2.c4 d5 3.Nf3 Nf6 4.Nc3 dxc4 5.a4 Bf5 6.Ne5 Nbd7 7.Nxc4 Nb6 8.Ne5 a5
9.f3 Nfd7 10.Nxd7 Nxd7 11.e4 Bg6 12.Qb3 Qb6 13.Qxb6 Nxb6 14.Be3 Nd7 15.h4 h5
16.d5 e5 17.dxe6 fxe6 18.O-O-O Bc5 19.Bxc5 Nxc5 20.Bc4 Ke7  1/2-1/2

[Event "ch-AUT"]
[Site "Hartberg AUT"]
[Date "2003.08.01"]
[Round "6"]
[White "Schweda,R"]
[Black "Knoll,H"]
[Result "1/2-1/2"]
[WhiteElo "2381"]
[BlackElo "2361"]

1.d4 d5 2.Nf3 Nf6 3.c4 c6 4.Nc3 dxc4 5.a4 Bf5 6.e3 e6 7.Bxc4 Bb4 8.O-O Nbd7
9.Qe2 Bg6 10.Rd1 O-O 11.h3 Re8 12.Na2 Bd6 13.b3 Qe7 14.Bb2 e5 15.dxe5  1/2-1/2

[Event "FSGM August"]
[Site "Budapest HUN"]
[Date "2003.08.02"]
[Round "1"]
[White "Aagaard,J"]
[Black "Murariu,A"]
[Result "1-0"]
[WhiteElo "2360"]
[BlackElo "2389"]

1.d4 d5 2.c4 c6 3.Nf3 Nf6 4.Nc3 dxc4 5.a4 Bf5 6.Nh4 e6 7.Nxf5 exf5 8.e3 Bd6
9.Bxc4 O-O 10.h3 Qe7 11.Qf3 g6 12.Bd2 h5 13.O-O-O a6 14.a5 Bb4 15.g4 fxg4
16.hxg4 Nxg4 17.Qg2 Kg7 18.e4 Nd7 19.f3 Ngf6 20.e5 Nd5 21.Bxd5 Bxc3 22.Bxc3 cxd5
23.f4 Qe6 24.Rxh5 f5 25.exf6+ Rxf6 26.Re1 Qf7 27.Reh1 Nf8 28.Rxd5 Rxf4 29.Rc5 Kg8
30.d5 Qe7 31.Qd2 Rh4 32.Rxh4 Qxh4 33.Rc7 Nh7 34.d6 Qh1+ 35.Qd1 Qxd1+ 36.Kxd1 Rd8
37.Rg7+ Kf8 38.Rxh7 Rxd6+ 39.Kc2  1-0

[Event "ch-AUT"]
[Site "Hartberg AUT"]
[Date "2003.08.02"]
[Round "7"]
[White "Kummer,Hel"]
[Black "Baumegger,S"]
[Result "1/2-1/2"]
[WhiteElo "2336"]
[BlackElo "2375"]

1.d4 d5 2.c4 c6 3.Nf3 Nf6 4.Nc3 dxc4 5.a4 Bf5 6.Ne5 e6 7.f3 Bb4 8.e4 Bxe4
9.fxe4 Nxe4 10.Bd2 Qxd4 11.Nxe4 Qxe4+ 12.Qe2 Bxd2+ 13.Kxd2 Qd5+ 14.Kc2 Na6
15.Qe1 Rd8 16.Bxc4 Qxg2+ 17.Kb3 O-O 18.Rg1 Qd2 19.Rd1 Qxe1 20.Rgxe1 Nc7 21.a5 Rfe8
22.Kb4 Nd5+ 23.Bxd5 cxd5 24.Rc1 Re7 25.Rc5 f6 26.Nd3 e5 27.Rec1 Kf7 28.Rd1 g5
29.Rb5 d4 30.Nc5 Rb8 31.Ne4 Kg6 32.Rd5 Rc8 33.Re1 Rc6 34.b3 h5 35.h3 g4 36.hxg4 hxg4
37.Nc5 b6 38.axb6 Rxb6+ 39.Kc4 Rh7 40.Rd8 Rg7 41.Kd5 Rb5 42.Kc4 a6 43.Rd6 Rb8
44.Rxe5 a5 45.Kxd4 g3 46.Ke3 g2 47.Kf2 g1=Q+ 48.Kxg1 Kf7+ 49.Kf2 fxe5 50.Re6 Rg5
51.Ra6 Rb5 52.Ne4 Rg6 53.Nd6+ Rxd6 54.Rxd6 Ke7 55.Ra6 Kd7 56.Ke2 Kc7 57.Kd2 Rxb3
58.Rxa5 Kd6  1/2-1/2

[Event "4th It"]
[Site "Montreal CAN"]
[Date "2003.08.03"]
[Round "11"]
[White "Lugovoi,A"]
[Black "Ross,D"]
[Result "1-0"]
[WhiteElo "2566"]
[BlackElo "2318"]

1.d4 d5 2.c4 c6 3.Nf3 Nf6 4.Nc3 dxc4 5.a4 Bf5 6.e3 e6 7.Bxc4 Bb4 8.O-O O-O
9.Nh4 Nbd7 10.f3 Bg6 11.Nxg6 hxg6 12.Qc2 Rc8 13.Rd1 Qe7 14.a5 b5 15.axb6 axb6
16.Qb3 b5 17.Be2 Bd6 18.e4 b4 19.Na4 e5 20.Be3 exd4 21.Rxd4 Nc5 22.Nxc5 Bxc5
23.Rc4 Bxe3+ 24.Qxe3 Rc7 25.Ra6 c5 26.e5 Re8 27.f4 g5 28.g3 gxf4 29.gxf4 Nd7
30.Re4 Qh4 31.f5 Qe1+ 32.Kg2 c4 33.f6 Qb1 34.Ra1 Qc2 35.Rc1 Qxe4+ 36.Qxe4 Nxf6
37.Qf4 Rce7 38.exf6 Rxe2+ 39.Kh1 Re1+ 40.Rxe1 Rxe1+ 41.Kg2 Re2+ 42.Kg3 Re6
43.Qxc4  1-0

[Event "FSGM August"]
[Site "Budapest HUN"]
[Date "2003.08.04"]
[Round "3"]
[White "Ovsejevitsch,S"]
[Black "Woodward,T"]
[Result "1-0"]
[WhiteElo "2497"]
[BlackElo "2285"]

1.d4 d5 2.c4 c6 3.Nf3 Nf6 4.Nc3 dxc4 5.a4 Bf5 6.Ne5 Nbd7 7.Nxc4 Qc7 8.g3 e5
9.dxe5 Nxe5 10.Bf4 Nfd7 11.Bg2 g5 12.Nxe5 gxf4 13.Nxd7 O-O-O 14.Qd4 Qxd7
15.Qxf4 Bd6 16.Qh6 Rhe8 17.O-O Kb8 18.Rfd1 Re6 19.Qh4 Qe8 20.Bh3 Bxh3 21.Qxh3 h6
22.Qf5 Re5 23.Qf3 Qe6 24.Rd4 Re8 25.Qd3 Bc5 26.Rd8+ Kc7 27.Rxe8 Qxe8 28.Rd1 Bb4
29.e3 Bxc3 30.Qxc3 Qe7 31.Rd4 Rc5 32.Qd2 a5 33.Kg2 Qe6 34.h4 Re5 35.Qd3 Rf5
36.Qe4 b5 37.axb5 Rxb5 38.Qxe6 fxe6 39.Rd2 Rb4 40.f4  1-0

[Event "10th Summer Open"]
[Site "Nice FRA"]
[Date "2003.08.05"]
[Round "3"]
[White "Leski,M"]
[Black "Zawadski,S"]
[Result "1-0"]
[WhiteElo "2414"]
[BlackElo "2173"]

1.Nf3 d5 2.d4 Nf6 3.c4 c6 4.Nc3 dxc4 5.a4 Bf5 6.Nh4 Bc8 7.e3 Bg4 8.Be2 Bxe2
9.Qxe2 Nbd7 10.Qxc4 a5 11.O-O e6 12.e4 Nxe4 13.Nxe4 Qxh4 14.d5 Be7 15.dxe6 Ne5
16.Nd6+ Kf8 17.Qxh4 Bxh4 18.f4 Nd3 19.Nxf7 Rg8 20.f5 Bf6 21.Be3 b6 22.Ra3 Nxb2
23.Bxb6 Be7 24.Ra2 Nc4 25.Bd4 c5 26.Rc2 cxd4 27.Rxc4 Bf6 28.g4 g6 29.g5 Bxg5
30.Nxg5 gxf5 31.Rxf5+ Ke7 32.Kf1 h6 33.Rf7+ Kd6 34.Rd7+ Ke5 35.Nf3+  1-0

[Event "HZ Open"]
[Site "Vlissingen NED"]
[Date "2003.08.05"]
[Round "5"]
[White "Meenakshi,S"]
[Black "Hafner,C"]
[Result "0-1"]
[WhiteElo "2319"]
[BlackElo "2145"]

1.d4 d5 2.c4 c6 3.Nf3 Nf6 4.Nc3 dxc4 5.a4 Bf5 6.Nh4 Bg4 7.h3 Bh5 8.g4 Bg6
9.Nxg6 hxg6 10.e3 Nbd7 11.Bxc4 Qc7 12.Qf3 e6 13.e4 Bb4 14.g5 Nh5 15.Bd2 O-O
16.Rc1 Qa5 17.O-O Rad8 18.Rfd1 Nb6 19.Qd3 Rd7 20.Be3 Rfd8 21.Qe2 e5 22.dxe5 Qxe5
23.Rxd7 Rxd7 24.h4 Bd6 25.Qg4 Nxc4 26.Qxd7 Qh2+ 27.Kf1 Ng3+ 28.fxg3 Nxe3+  0-1

[Event "Stork YM"]
[Site "Hengelo NED"]
[Date "2003.08.06"]
[Round "5"]
[White "Nyback,T"]
[Black "Drabke,L"]
[Result "1-0"]
[WhiteElo "2483"]
[BlackElo "2448"]

1.Nf3 d5 2.d4 Nf6 3.c4 c6 4.Nc3 dxc4 5.a4 Bf5 6.Nh4 Bd7 7.g3 c5 8.Bg2 cxd4
9.Qxd4 Bc6 10.Qxc4 Bxg2 11.Nxg2 e6 12.O-O Nc6 13.Rd1 Qc8 14.Bg5 Be7 15.Ne3 O-O
16.Rac1 Rd8 17.Rxd8+ Qxd8 18.Qb5 Qc8 19.Ne4 Nxe4 20.Bxe7 Qc7 21.Ba3 Qb6 22.Kg2 h6
23.Qd3 Nf6 24.Nc4 Qa6 25.Nd6 Qxa4 26.Nxb7 Ne5 27.Qc2 Qa6 28.Nd6 Rd8 29.Qc7 Rd7
30.Qc8+ Qxc8 31.Rxc8+ Kh7 32.f4 Ng6 33.e4 Ne7 34.Rc4 Ng4 35.Rc3 f5 36.e5 Nd5
37.Rc8 Nge3+ 38.Kf3 Nf1 39.h3 Rc7 40.Rxc7 Nxc7 41.Nc4 Nd5 42.Kf2  1-0

[Event "WYol u16"]
[Site "Denizli TUR"]
[Date "2003.08.08"]
[Round "7"]
[White "Margvelashvili,G"]
[Black "Kaplan,S"]
[Result "1-0"]
[WhiteElo "2181"]
[BlackElo "2208"]

1.d4 d5 2.c4 c6 3.Nf3 Nf6 4.Nc3 dxc4 5.a4 Bf5 6.Ne5 e6 7.f3 Bb4 8.e4 Bxe4
9.fxe4 Nxe4 10.Bd2 Qxd4 11.Nxe4 Qxe4+ 12.Qe2 Bxd2+ 13.Kxd2 Qd5+ 14.Kc2 Na6
15.Nxc4 O-O 16.Qe5 Rfd8 17.Be2 f6 18.Qxd5 cxd5 19.Na5 Rac8+ 20.Kd2 Nc5 21.Ra3 Ne4+
22.Ke3 Nd6 23.Rd1 Rc2 24.Rd2 d4+ 25.Kd3 Rc7 26.Rc2 Re7 27.Nc4 Nf7 28.Bf3 f5
29.Rb3 b6 30.g4 Ng5 31.Bg2 e5 32.gxf5 e4+ 33.Kd2 Rc8 34.Rg3 h6 35.f6 Rf7
36.h4 Ne6 37.Bxe4 Rxf6 38.Rf3 Nf4 39.Rc1 a6 40.Nxb6 Rxc1 41.Kxc1 Ne2+ 42.Kd2 Rxb6
43.Bd5+ Kh7 44.Kxe2 Rxb2+ 45.Kd3 h5 46.Rf5 Kh6 47.Bc4 Rh2 48.Rf4 Rh3+ 49.Kxd4 Ra3
50.Bxa6 Rxa4+ 51.Bc4 Ra5 52.Ke3 g5 53.Rf6+ Kg7 54.Rf7+ Kg6 55.hxg5 Kxg5 56.Bd3 Rc5
57.Rg7+ Kf6 58.Rg6+ Kf7 59.Rh6 Kg7 60.Rg6+ Kf7 61.Rb6 Kg7 62.Kf4 Ra5 63.Bf5 Ra1
64.Kg5 Rg1+ 65.Kxh5 Kf7 66.Bg4 Ke7 67.Kg5 Rf1 68.Re6+ Kf7 69.Re5 Rf2 70.Bh5+ Kg7
71.Re7+ Kf8 72.Rb7 Rf1 73.Bg6 Rf2 74.Bf5 Ke8 75.Kf6 Kd8 76.Rd7+ Ke8 77.Rc7 Rd2
78.Be6 Rf2+ 79.Ke5 Kf8 80.Rh7 Rf1 81.Rh8+ Kg7 82.Rg8+ Kh7 83.Rg3 Rf8 84.Bf5+ Kh8
85.Rh3+ Kg8 86.Ke6 Kg7 87.Rh7+ Kg8 88.Rb7 Kh8 89.Bg6 Kg8 90.Bf5 Kh8 91.Ke5 Re8+
92.Kf6 Kg8 93.Be6+ Kh8 94.Rb3 Rf8+ 95.Bf7  1-0

[Event "WYol u16"]
[Site "Denizli TUR"]
[Date "2003.08.09"]
[Round "9"]
[White "Margvelashvili,G"]
[Black "Boros,De"]
[Result "1/2-1/2"]
[WhiteElo "2181"]
[BlackElo "2334"]

1.d4 d5 2.c4 c6 3.Nf3 Nf6 4.Nc3 dxc4 5.a4 Bf5 6.Ne5 Nbd7 7.Nxc4 Qc7 8.g3 e5
9.dxe5 Nxe5 10.Bf4 Nfd7 11.Nxe5 Nxe5 12.Qd4 f6 13.Bg2 Be7 14.O-O O-O 15.b4 Rfd8
16.Bxe5 Qxe5 17.Qxe5 fxe5 18.b5 Rac8 19.bxc6 bxc6 20.Rfd1 Bb4 21.Ne4 Rd4
22.Rxd4 exd4 23.Rd1 Rd8 24.Rc1 Re8 25.Rc4 Bxe4 26.Bxe4 c5 27.Bd5+ Kf8 28.Kf1 Ke7
29.Rc1 Kd6 30.Bc4 Kc7 31.Bd3 h6 32.a5 Rb8 33.e3 dxe3 34.fxe3 Kd6 35.Rb1 Kd5
36.Ke2 c4 37.Bc2 Kc5 38.a6 Rb6 39.Ra1 Rd6 40.Rd1 Rxa6 41.Rd8 Ra2 42.Rc8+ Kd5
43.Rd8+ Ke5 44.Re8+ Kd6 45.Kd1 Ra1+ 46.Ke2 Rh1 47.h4 Rh2+ 48.Kd1 Rd2+ 49.Kc1 Rg2
50.Re4 Kd5 51.Rg4 Bd2+ 52.Kd1 Kc5 53.Be4 Rh2 54.Rxg7 a5 55.Rc7+ Kb4 56.Bd5 c3
57.e4 Rh1+ 58.Kc2 Rc1+ 59.Kd3 Rg1 60.Rb7+ Kc5 61.Rc7+ Kd6 62.Rc6+ Ke7 63.Re6+ Kd7
64.Rg6 Re1 65.g4 Re3+ 66.Kc2 Be1 67.Rc6 a4 68.g5 hxg5 69.hxg5  1/2-1/2